000 00579nam a2200193Ia 4500
003 GCL
008 140319s9999 xx 000 0 ara d
040 _aGCL /
_cGCL
082 0 4 _a343.01
_bاا
100 1 _aاحمد مليجى
245 1 0 _aاوجة الطعن والنقض المصلة بواقع الدعوى /
_cاحمد مليجى
260 _a[S.N] :
_bمكتبة دار النهضة العربية ،
_c1991
300 _a182 ص
490 _a
650 0 4 _aالقانون
650 0 4 _aقانون المرافعات
650 0 4 _aالقضاة
942 _2ddc
_cBK
999 _c53832
_d53832